[Event "DEM U12w 2016"]
[Site "Willingen GER"]
[Date "2016.05.20"]
[Round "10"]
[White "Krömer, Paulina"]
[Black "Schmidt, Pauline"]
[Result "1-0"]
[Termination "normal"]
[Board "16"]
[WhiteElo "1643"]
[BlackElo "1142"]
[PlyCount "47"]
[WhiteFideId "16212363"]
[BlackFideId "16209850"]
[EventCountry "GER"]
[EventRounds "11"]
[EventType "swiss"]
[EventDate "2016.05.14"]

1. d4 d6 2. Nf3 Nd7 3. e3 g6 4. c4 Bg7 5. Nc3 e5 6. dxe5 dxe5 7. e4 Ne7 8. Be2
O-O 9. O-O f5 10. b4 fxe4 11. Nxe4 h6 12. Bb2 Nf5 13. Qd2 Nh4 14. Rad1 Nxf3+
15. Bxf3 h5 16. Ng5 Qe7 17. Rfe1 Rf5 18. Bd5+ Kh8 19. Ne6 c6 20. Nxg7 Qxg7 21.
Be6 Rf8 22. Bxd7 Qh7 23. Bxc8 Raxc8 24. Rxe5 1-0

[Event "DEM U12w 2016"]
[Site "Willingen GER"]
[Date "2016.05.20"]
[Round "10"]
[White "Wittich, Carlotta"]
[Black "Fuchs, Emily"]
[Result "0-1"]
[Termination "normal"]
[Board "17"]
[WhiteElo "952"]
[BlackElo "1027"]
[PlyCount "48"]
[WhiteFideId "16217411"]
[BlackFideId "16208986"]
[EventCountry "GER"]
[EventRounds "11"]
[EventType "swiss"]
[EventDate "2016.05.14"]

1. e4 e5 2. Nf3 Nc6 3. Bc4 Nf6 4. d3 Bc5 5. c3 O-O 6. O-O d6 7. h3 Re8 8. Nbd2
Qe7 9. Re1 Be6 10. Bb3 Rad8 11. Nf1 d5 12. exd5 Bxd5 13. Bg5 h6 14. Bxd5 Rxd5
15. Bxf6 Qxf6 16. Ng3 Red8 17. Qe2 Rxd3 18. Nxe5 Nxe5 19. Qxe5 Bxf2+ 20. Kh1
Bxe1 21. Qxf6 gxf6 22. Rxe1 Rxg3 23. Re7 Rd2 24. Rxc7 Rxb2 0-1

[Event "DEM U12w 2016"]
[Site "Willingen GER"]
[Date "2016.05.20"]
[Round "10"]
[White "Schwegler, Jelena"]
[Black "Wucherer, Sophie"]
[Result "1/2-1/2"]
[Termination "normal"]
[Board "18"]
[WhiteElo "912"]
[BlackElo "1171"]
[PlyCount "100"]
[WhiteFideId "16225481"]
[BlackFideId "16225473"]
[EventCountry "GER"]
[EventRounds "11"]
[EventType "swiss"]
[EventDate "2016.05.14"]

1. e4 d5 2. exd5 Qxd5 3. Nc3 Qa5 4. Bc4 c6 5. d3 Nf6 6. Bd2 Qc7 7. Qe2 Bf5 8.
h3 e6 9. g4 Bg6 10. f4 h6 11. f5 Bh7 12. fxe6 fxe6 13. Qxe6+ Qe7 14. O-O-O Qxe6
15. Bxe6 Nbd7 16. Nf3 O-O-O 17. g5 hxg5 18. Nxg5 Bg6 19. Nf7 Bxf7 20. Bxf7 Ne5
21. Be6+ Kb8 22. Bf4 Bd6 23. Ne4 Nxe4 24. dxe4 Bc7 25. Rxd8+ Rxd8 26. Be3 Re8
27. Rf1 b6 28. Bb3 Kb7 29. Bd4 Ng6 30. Bxg7 Rxe4 31. Rh1 Nf4 32. h4 Re7 33. Bd4
Rd7 34. Bf6 Nh3 35. c3 Nf2 36. Rf1 Bg3 37. Kc2 Ne4 38. Bg5 Nxg5 39. hxg5 Rg7
40. Rf7+ Rxf7 41. Bxf7 Bh4 42. g6 Bf6 43. Kd3 Kc7 44. Ke4 Kd6 45. Kf5 Bg7 46.
Ke4 c5 47. Kd3 Kc6 48. b3 b5 49. c4 bxc4+ 50. Bxc4 Bd4 1/2-1/2

[Event "DEM U12w 2016"]
[Site "Willingen GER"]
[Date "2016.05.20"]
[Round "10"]
[White "Kieckbusch, Lotta"]
[Black "Kriuckova, Sonia"]
[Result "1-0"]
[Termination "normal"]
[Board "19"]
[WhiteElo "993"]
[BlackElo "1231"]
[PlyCount "37"]
[WhiteFideId "16214390"]
[BlackFideId "16204310"]
[EventCountry "GER"]
[EventRounds "11"]
[EventType "swiss"]
[EventDate "2016.05.14"]

1. e4 c5 2. c3 d6 3. d4 Nf6 4. Nd2 cxd4 5. cxd4 e6 6. Ngf3 Nc6 7. e5 dxe5 8.
dxe5 Nd5 9. a3 a5 10. Nc4 b5 11. Ne3 Nxe3 12. Qxd8+ Kxd8 13. Bxe3 Rb8 14. Be2
Ba6 15. O-O Kc7 16. Rac1 Kb7 17. a4 Kc7 18. Nd4 Rb6 19. axb5 1-0